000
00342nam a2200145Ia 4500
008
191201s2010 xx 000 0 und d
082
_a
658
_b
PRP
100
_a
PRASAD, LM
245
0
_a
Principles and Practices of Management
250
_a
Rep
260
_a
N. Delhi
_b
Sultan Chand
_c
2010
300
_a
884
650
_a
BBA
942
_2
ddc
_c
BK
999
_c
4896
_d
4896